Kumaun : (Record no. 130685)

MARC details
000 -LEADER
fixed length control field 00740nam a22002297a 4500
005 - DATE AND TIME OF LATEST TRANSACTION
control field 20170124110115.0
010 ## - LIBRARY OF CONGRESS CONTROL NUMBER
LC control number A-677758
020 ## - INTERNATIONAL STANDARD BOOK NUMBER
Terms of availability 00.00
International Standard Book Number 8185182892
035 ## - SYSTEM CONTROL NUMBER
System control number A-677758
037 ## - SOURCE OF ACQUISITION
Source of stock number/acquisition Cen Lib/Ret
040 ## - CATALOGING SOURCE
Original cataloging agency DPL
Language of cataloging EN
082 ## - DEWEY DECIMAL CLASSIFICATION NUMBER
Classification number 954.13
Item number NEG
100 ## - MAIN ENTRY--PERSONAL NAME
Personal name Negi, S.S.
9 (RLIN) 13479
245 ## - TITLE STATEMENT
Title Kumaun :
Statement of responsibility, etc by S.S.Negi
Remainder of title the land and the people /
260 ## - PUBLICATION, DISTRIBUTION, ETC. (IMPRINT)
Name of publisher, distributor, etc Indus Publishing Company
Place of publication, distribution, etc New Delhi
Date of publication, distribution, etc 1993
270 ## - ADDRESS
City New Delhi
Postal code 110027
Address FS-5, Tagore Garden
300 ## - PHYSICAL DESCRIPTION
Extent 205p.
Dimensions 20cm(Hb)
500 ## - GENERAL NOTE
General note Includes bibliographical references and index
650 ## - SUBJECT ADDED ENTRY--TOPICAL TERM
Topical term or geographic name as entry element Kamaun (India) -- Description and travel
9 (RLIN) 29842
650 ## - SUBJECT ADDED ENTRY--TOPICAL TERM
Topical term or geographic name as entry element Kamaun (India) -- Economic conditions
9 (RLIN) 29843
942 ## - ADDED ENTRY ELEMENTS (KOHA)
Source of classification or shelving scheme Dewey Decimal Classification
Koha item type English Books
Classification part 954.13
Call number suffix NEG
Holdings
Withdrawn status Lost status Damaged status Not for loan Home library Current library Date acquired Source of acquisition Cost, normal purchase price Total Checkouts Total Renewals Full call number Barcode Date last seen Date checked out Copy number Cost, replacement price Price effective from Koha item type
        Central Library Central Library 10/07/2015 Cen Lib/Ret 0.00 1 2 954.13 NEG A-677758 06/04/2023 23/02/2023 1 0.00 10/07/2015 English Books

© Delhi Public Library
Hit Counter
free hit counter